000 00731nam a2200229Ia 4500
003 OSt
005 20260317165203.0
008 220923b |||||||| |||| 00| 0 eng d
020 _a0521568242
037 _cGeneral Book
040 _aRTL
_cRTL
_beng
041 _2eng
_aeng
084 _aX9(J):9J2.236.N9, N6/TD
_qRTL
100 _aBreman, Jan
245 0 _aFootloose labour: Working in India's informal economy
_b
260 _aNew York
_bCambridge University Press
_c1996
300 _aix,278p.
_binculed biblograpical refrence an index
490 _aContemporary South Asia; 2
500 _aBibliography: P 265-73
942 _hX9(J):9J2.236.N9, N6/TD
_cTB
_2CC
999 _c622532
_d622532